[Event "Caro Special"]
[Site "SchemingMind.com"]
[Date "2016.12.14"]
[Round "-"]
[White "ray winteringham"]
[Black "Stephen Woodhouse"]
[Result "1-0"]
[WhiteCountry "ENG"]
[BlackCountry "ENG"]
[WhiteElo "1473"]
[WhiteRD "55"]
[BlackElo "1890"]
[BlackRD "50"]
[GameID "407949"]

1. e4 c6 2. d4 d5 3. e5 Bf5 4. Bd3 Bxd3 5. Qxd3 e6 6. Nf3 c5 7. Bg5 Qb6 8. b3 Nc6 9. Be3 Rc8 10. Nbd2 cxd4
11. Nxd4 Bc5 12. c3 Nxd4 13. cxd4 Bb4 14. O-O Bxd2 15. Qxd2 Ne7 16. Bg5 Nf5 17. Be3 O-O 18. g4 Nxe3 19. Qxe3 Rc2 20. Rfc1 Rfc8
21. Rd1 Qa5 22. a3 R8c3 23. Qe1 Qb5 24. b4 Qa4 25. Rdc1 h6 26. Rxc2 Qxc2 27. a4 Qg6 28. Qxc3 Qxg4+ 29. Kh1 Qe4+ 30. f3 Qe2
31. Rc1 g6 32. a5 h5 33. h4 Qf2 34. Rg1 Qxh4+ 35. Kg2 Qg5+ 36. Kf2 Qf4 37. b5 h4 38. Rg4 Qh2+ 39. Ke3 h3 40. Qd2 Qh1
41. Rh4 Qg1+ 42. Kd3 Qf1+ 43. Qe2 Qb1+ 44. Ke3 Qg1+ 45. Qf2 Qc1+ 46. Qd2 Qg1+ 47. Kd3 Qf1+ 48. Kc2 Qc4+ 49. Qc3 Qe2+ 50. Kb3 Qxb5+
51. Ka3 Kg7 52. Rxh3
1-0

[Event "Caro Special"]
[Site "SchemingMind.com"]
[Date "2016.12.14"]
[Round "-"]
[White "Stephen Woodhouse"]
[Black "ray winteringham"]
[Result "1-0"]
[WhiteCountry "ENG"]
[BlackCountry "ENG"]
[WhiteElo "1890"]
[WhiteRD "50"]
[BlackElo "1473"]
[BlackRD "55"]
[GameID "407950"]

1. e4 c6 2. d4 d5 3. e5 f6 4. Bd3 e6 5. Qh5+ Kd7 6. f4 Ne7 7. Nf3 g6 8. Qh4 f5 9. Bd2 Kc7 10. O-O b5
11. Ba5+
1-0

[Event "Caro Special"]
[Site "SchemingMind.com"]
[Date "2016.12.16"]
[Round "-"]
[White "ray winteringham"]
[Black "frankly"]
[Result "0-1"]
[WhiteCountry "ENG"]
[BlackCountry "ENG"]
[WhiteElo "1473"]
[WhiteRD "55"]
[BlackElo "2509"]
[BlackRD "60"]
[GameID "408042"]

1. e4 c6 2. d4 d5 3. e5 Bf5 4. Bd3 Bxd3 5. Qxd3 e6 6. Bf4 c5 7. b3 cxd4 8. Qxd4 Nc6 9. Qd3 g5 10. Bg3 Rc8
11. Ne2 Nb4 12. Qb5+ Qd7 13. Qxd7+ Kxd7 14. Na3 Nxc2+ 15. Nxc2 Rxc2 16. Nd4 Bb4+ 17. Kd1 Rd2+
0-1

[Event "Caro Special"]
[Site "SchemingMind.com"]
[Date "2016.12.16"]
[Round "-"]
[White "frankly"]
[Black "ray winteringham"]
[Result "1-0"]
[WhiteCountry "ENG"]
[BlackCountry "ENG"]
[WhiteElo "2509"]
[WhiteRD "60"]
[BlackElo "1473"]
[BlackRD "55"]
[GameID "408043"]

1. e4 c6 2. d4 d5 3. e5 Bf5 4. Nf3 e6 5. Be2 Be7 6. O-O Nd7 7. Be3 Qb6 8. Qc1 f6 9. Nc3 Qc7 10. Qd2 Bb4
11. Nxd5 cxd5 12. Qxb4 Ne7 13. exf6 Nxf6 14. Bb5+ Nc6 15. Ne5 O-O-O 16. Bxc6 bxc6 17. Bf4 Qb6 18. Qxb6 axb6 19. Nf7 Bxc2 20. Rfc1 Ba4
21. b3 Bb5 22. a4 Ba6 23. Rxc6+ Kd7 24. Rc7+ Ke8 25. Nxh8 Nd7 26. Re1 Ke7 27. Bg5+ Kd6 28. Bxd8
1-0

[Event "Caro Special"]
[Site "SchemingMind.com"]
[Date "2016.12.16"]
[Round "-"]
[White "Stephen Woodhouse"]
[Black "frankly"]
[Result "0-1"]
[WhiteCountry "ENG"]
[BlackCountry "ENG"]
[WhiteElo "1924"]
[WhiteRD "53"]
[BlackElo "2504"]
[BlackRD "58"]
[GameID "408044"]

1. e4 c6 2. d4 d5 3. e5 Bf5 4. Nc3 e6 5. g4 Bg6 6. Nge2 f6 7. Nf4 fxe5 8. Nxe6 Qe7 9. Nxf8 exd4+ 10. Be2 dxc3
11. Nxg6 hxg6 12. Qd3 Nf6 13. Qxg6+ Kf8 14. bxc3 Nbd7 15. Qf5 Kg8 16. Rb1 Re8 17. Be3 Nc5 18. O-O Nfe4 19. Bd4 Qd6 20. f4 g6
21. Be5 gxf5 22. Bxd6 Nxd6 23. Bf3 Re3 24. g5 Rxc3 25. Rf2 Ne6 26. Bg2 Rh4 27. Rb4 Nxg5 28. Re2 Nge4
0-1

[Event "Caro Special"]
[Site "SchemingMind.com"]
[Date "2016.12.16"]
[Round "-"]
[White "frankly"]
[Black "Stephen Woodhouse"]
[Result "1-0"]
[WhiteCountry "ENG"]
[BlackCountry "ENG"]
[WhiteElo "2509"]
[WhiteRD "60"]
[BlackElo "1890"]
[BlackRD "50"]
[GameID "408045"]

1. e4 c6 2. d4 d5 3. e5 Bf5 4. Nf3 e6 5. Be2 Nd7 6. O-O Ne7 7. Nh4 Be4 8. Nd2 c5 9. c3 Nc6 10. Nxe4 dxe4
11. g3 Be7 12. d5 exd5 13. Nf5 g6 14. Nxe7 Qxe7 15. Qxd5 Qxe5 16. Qb3 Nb6 17. Bh6 Qd5 18. f3 Qxb3 19. axb3 exf3 20. Bxf3 f5
21. g4 O-O-O 22. Bxc6 bxc6 23. Rxa7 fxg4 24. Rf6 Rhe8 25. Bf4 Rd7 26. Rxc6+ Kd8 27. Bg5+
1-0

[Event "Caro Special"]
[Site "SchemingMind.com"]
[Date "2016.12.16"]
[Round "-"]
[White "ray winteringham"]
[Black "Wojtek26"]
[Result "0-1"]
[WhiteCountry "ENG"]
[BlackCountry "POL"]
[WhiteElo "1495"]
[WhiteRD "52"]
[BlackElo "1536"]
[BlackRD "48"]
[GameID "408053"]

1. e4 c6 2. d4 d5 3. e5 g6 4. h3 Bg7 5. Bd3 f6 6. exf6 exf6 7. Ne2 Ne7 8. Bf4 Qb6 9. b3 Bf5 10. O-O Bxd3
11. Qxd3 Nd7 12. Nd2 O-O 13. c4 Qa6 14. Bd6 Rfe8 15. Nf4 Nf8 16. c5 Qxd3 17. Nxd3 Nc8 18. Bg3 a6 19. b4 Ne6 20. Nb3 f5
21. Na5 b5 22. Nxc6 Nxd4 23. Nxd4 Bxd4 24. Rac1 Na7 25. Rfe1 Nc6 26. a3 Kf7 27. Kf1 Rxe1+ 28. Rxe1 Re8 29. Nf4 Rxe1+ 30. Kxe1 Bb2
31. Nxd5 Bxa3 32. Be5 Nxe5 33. Ke2 Nc6 34. Nc7 Nxb4 35. c6 Nxc6 36. Nxa6 b4 37. Nc5 Na5 38. Kd1 Nc4 39. Kc2 Nd6 40. Kb3 Ne4
41. Nd3 Kf6 42. f3 Ng3 43. Nxb4 Bxb4 44. Kxb4 Ke5 45. Kc3 Kf4 46. Kd3 Ke5 47. Ke3 f4+ 48. Kf2 Kf5 49. Kg1 Ke5 50. Kf2 Kf6
51. Kg1 Kg5 52. Kf2 Kh4 53. Kg1 Nh5 54. Kh2 Nf6 55. Kg1 Kg3 56. Kh1 Nd5 57. Kg1 Ne3 58. Kh1 Nxg2 59. Kg1 Kxf3 60. Kh2 Nh4
61. Kg1 Kg3 62. Kh1 Kxh3 63. Kg1 g5 64. Kf2 Kh2 65. Kf1 g4
0-1

[Event "Caro Special"]
[Site "SchemingMind.com"]
[Date "2016.12.16"]
[Round "-"]
[White "Wojtek26"]
[Black "ray winteringham"]
[Result "0-1"]
[WhiteCountry "POL"]
[BlackCountry "ENG"]
[WhiteElo "1548"]
[WhiteRD "48"]
[BlackElo "1473"]
[BlackRD "55"]
[GameID "408054"]

1. e4 c6 2. d4 d5 3. e5 Bf5 4. Nf3 e6 5. Be2 Nd7 6. O-O Bb4 7. Bd2 Qe7 8. a3 Bxd2 9. Nbxd2 f6 10. exf6 Ngxf6
11. Nb3 b6 12. Re1 O-O 13. Bd3 Bxd3 14. Qxd3 Ne4 15. Re2 Rf7 16. Nfd2 Ndf6 17. f3 Nd6 18. Rae1 Re8 19. Rxe6 Qxe6 20. Rxe6 Rxe6
21. Qf1 Rfe7 22. Kf2 Nf5 23. Nc1 Nxd4 24. Qd3 c5 25. Ndb3 c4 26. Qxd4 cxb3 27. Nxb3 Re2+ 28. Kg3 R7e5 29. Qd3 Nh5+ 30. Kg4 Rxg2+
31. Kh4 Nf4
0-1

[Event "Caro Special"]
[Site "SchemingMind.com"]
[Date "2016.12.16"]
[Round "-"]
[White "Stephen Woodhouse"]
[Black "Wojtek26"]
[Result "1-0"]
[WhiteCountry "ENG"]
[BlackCountry "POL"]
[WhiteElo "1890"]
[WhiteRD "50"]
[BlackElo "1548"]
[BlackRD "48"]
[GameID "408055"]

1. e4 c6 2. d4 d5 3. e5 Bf5 4. Nc3 g6 5. g4 Be6 6. Qf3 Bg7 7. Nge2 f6 8. Nf4 Bd7 9. Nd3 Na6 10. Bf4 Qc8
11. h3 f5 12. Be2 h6 13. O-O-O g5 14. Bd2 f4 15. h4 e6 16. hxg5 hxg5 17. Rxh8 Bxh8 18. Rh1 Bg7 19. Rh7 Kf7 20. Qh3 Be8
21. Ne1 Kf8 22. Qh2 Bg6 23. Rh3 c5 24. Bd3 Bxd3 25. Nxd3 cxd4 26. Ne2 Nc5 27. Nexf4 Nxd3+ 28. Nxd3 Qc7 29. Rf3+ Ke7 30. Qh5 Rc8
31. Rf7+
1-0

[Event "Caro Special"]
[Site "SchemingMind.com"]
[Date "2016.12.16"]
[Round "-"]
[White "Wojtek26"]
[Black "Stephen Woodhouse"]
[Result "0-1"]
[WhiteCountry "POL"]
[BlackCountry "ENG"]
[WhiteElo "1548"]
[WhiteRD "48"]
[BlackElo "1890"]
[BlackRD "50"]
[GameID "408056"]

1. e4 c6 2. d4 d5 3. e5 Bf5 4. Bd3 Bxd3 5. Qxd3 e6 6. Nf3 c5 7. c3 Nc6 8. O-O Rc8 9. Bg5 Be7 10. Bxe7 Ngxe7
11. Nbd2 cxd4 12. cxd4 Nf5 13. a3 Qb6 14. b4 Ncxd4 15. Nxd4 Qxd4 16. Qb5+ Kd8 17. Nf3 Qb6 18. Qxb6+ axb6 19. Rac1 Kd7 20. g4 Ne7
21. h4 Rxc1 22. Rxc1 Rc8 23. Rxc8 Nxc8 24. Nd4 Na7 25. a4 Nc6 26. Nxc6 bxc6 27. f4 c5 28. bxc5 bxc5 29. Kf2 Kc6 30. f5 c4
31. Ke3 Kc5 32. h5 g6 33. fxe6 fxe6 34. hxg6 hxg6
0-1

[Event "Caro Special"]
[Site "SchemingMind.com"]
[Date "2016.12.17"]
[Round "-"]
[White "frankly"]
[Black "Wojtek26"]
[Result "1-0"]
[WhiteCountry "ENG"]
[BlackCountry "POL"]
[WhiteElo "2509"]
[WhiteRD "60"]
[BlackElo "1548"]
[BlackRD "48"]
[GameID "408057"]

1. e4 c6 2. d4 d5 3. e5 Bf5 4. Be2 Qb6 5. Nf3 e6 6. O-O f6 7. Nh4 Bxc2 8. Qxc2 Qxd4 9. Bh5+ g6 10. Nxg6 hxg6
11. Qxg6+ Ke7 12. Qe8#
1-0

[Event "Caro Special"]
[Site "SchemingMind.com"]
[Date "2016.12.16"]
[Round "-"]
[White "Wojtek26"]
[Black "frankly"]
[Result "0-1"]
[WhiteCountry "POL"]
[BlackCountry "ENG"]
[WhiteElo "1536"]
[WhiteRD "48"]
[BlackElo "2504"]
[BlackRD "58"]
[GameID "408058"]

1. e4 c6 2. d4 d5 3. e5 Bf5 4. Bd3 Bxd3 5. Qxd3 e6 6. Nf3 Qa5+ 7. Bd2 Qa6 8. Qxa6 Nxa6 9. O-O h5 10. Nc3 Ne7
11. a3 Nf5 12. Na4 c5 13. dxc5 Nxc5 14. Nxc5 Bxc5 15. b4 Be7 16. Rac1 Rc8 17. Bg5 Bxg5 18. Nxg5 Nd4 19. Rfe1 Rc3 20. h3 Ke7
21. Nf3 Nxf3+ 22. gxf3 Rhc8 23. Re3 g5 24. Rxc3 Rxc3 25. a4 Rc4 26. c3 f6 27. exf6+ Kxf6 28. Kg2 d4 29. Kg3 dxc3 30. b5 Ke5
31. a5 c2 32. h4 gxh4+ 33. Kh3 Kf4 34. Kxh4 Rc5 35. b6 axb6 36. axb6 Kxf3
0-1

[Event "Caro Special"]
[Site "SchemingMind.com"]
[Date "2016.12.21"]
[Round "-"]
[White "Scooter"]
[Black "ray winteringham"]
[Result "1-0"]
[WhiteCountry "USA"]
[BlackCountry "ENG"]
[WhiteElo "1738"]
[WhiteRD "54"]
[BlackElo "1473"]
[BlackRD "55"]
[GameID "408288"]

1. e4 c6 2. d4 d5 3. e5 Bf5 4. Bd3 Nd7 5. Bxf5 e6 6. Bd3 Bb4+ 7. c3 Ba5 8. Nf3 Qb6 9. Qb3 Qc7 10. O-O Ne7
11. Nbd2 h6 12. Qc2 O-O-O 13. b4 Bb6 14. a4 a6 15. c4 dxc4 16. Bxc4 Nd5 17. b5 cxb5 18. axb5 Nb8 19. bxa6 Nb4 20. axb7+ Kxb7
21. Qb3 N4a6 22. Bxa6+ Nxa6 23. Nc4 Rb8 24. Nd6+ Ka8 25. Rxa6+ Ba7 26. Qa4 Rb6 27. Nb5 Qb7 28. Rxa7+
1-0

[Event "Caro Special"]
[Site "SchemingMind.com"]
[Date "2016.12.21"]
[Round "-"]
[White "ray winteringham"]
[Black "Scooter"]
[Result "0-1"]
[WhiteCountry "ENG"]
[BlackCountry "USA"]
[WhiteElo "1473"]
[WhiteRD "55"]
[BlackElo "1738"]
[BlackRD "54"]
[GameID "408289"]

1. e4 c6 2. d4 d5 3. e5 Bf5 4. Bd3 Bxd3 5. Qxd3 e6 6. Be3 Nd7 7. Ne2 c5 8. Nbc3 cxd4 9. Bxd4 Bb4 10. a3 Bxc3+
11. Bxc3 Ne7 12. f4 O-O 13. O-O-O Rc8 14. Nd4 a6 15. g3 b5 16. Qd2 Nc5 17. Qe2 Ne4 18. Bb4 Re8 19. Qe1 Nc6 20. Nxc6 Rxc6
21. Ba5 Qc8 22. c3 Nc5 23. Kc2 Nb7 24. Bb4 a5 25. Bd6 Nxd6 26. exd6 Rxd6 27. Qe5 Rc6 28. Rhe1 b4 29. axb4 axb4 30. Rd3 Qa6
31. Red1 Rec8 32. c4 Rxc4+ 33. Kb1 Rc1+ 34. Rxc1 Qxd3+
0-1

[Event "Caro Special"]
[Site "SchemingMind.com"]
[Date "2016.12.20"]
[Round "-"]
[White "Scooter"]
[Black "Stephen Woodhouse"]
[Result "0-1"]
[WhiteCountry "USA"]
[BlackCountry "ENG"]
[WhiteElo "1738"]
[WhiteRD "54"]
[BlackElo "1890"]
[BlackRD "50"]
[GameID "408290"]

1. e4 c6 2. d4 d5 3. e5 Bf5 4. Bd3 Bxd3 5. Qxd3 e6 6. Nf3 c5 7. Qb5+ Qd7 8. Qxd7+ Nxd7 9. Be3 cxd4 10. Bxd4 Bb4+
11. c3 Bc5 12. O-O Ne7 13. Nbd2 Nf5 14. Rfe1 Nxd4 15. cxd4 Bb4 16. a3 Bxd2 17. Nxd2 Rc8 18. Rec1 Ke7 19. b4 Nb6 20. Rc5 Nd7
21. Rcc1 Nb6 22. f4 Kd7 23. Kf2 Rxc1 24. Rxc1 Rc8 25. Rxc8 Nxc8 26. a4 Nb6 27. a5 Nc4 28. Nxc4 dxc4 29. b5 a6 30. bxa6 bxa6
31. Ke3 Kc6 32. Kd2 Kb5 33. Kc3 Kxa5 34. Kxc4 Kb6 35. g4 Kc6 36. h4 a5 37. h5 a4 38. f5 a3 39. Kb3 Kd5 40. f6 g6
0-1

[Event "Caro Special"]
[Site "SchemingMind.com"]
[Date "2016.12.20"]
[Round "-"]
[White "Stephen Woodhouse"]
[Black "Scooter"]
[Result "1/2-1/2"]
[WhiteCountry "ENG"]
[BlackCountry "USA"]
[WhiteElo "1890"]
[WhiteRD "50"]
[BlackElo "1738"]
[BlackRD "54"]
[GameID "408291"]

1. e4 c6 2. d4 d5 3. e5 Bf5 4. Nc3 e6 5. g4 Bg6 6. Nge2 h6 7. Nf4 Bh7 8. Bd3 Bxd3 9. Qxd3 Bb4 10. Bd2 Nd7
11. O-O-O Qc7 12. Kb1 O-O-O 13. Ncxd5 exd5 14. Bxb4 c5 15. Nxd5 Qc6 16. dxc5 Nxe5 17. Qf5+ Qe6 18. Qxe6+ fxe6 19. Ne3 Nf6 20. h3 g5
21. Rd6 Rxd6 22. cxd6 Rd8 23. Rd1 Ne4 24. Bc3 Nxc3+ 25. bxc3 Nf7 26. Nc4 b5 27. Na5 Rxd6 28. Rxd6 Nxd6 29. Nc6 Ne4 30. Nxa7+ Kb7
31. Nxb5 Nxf2 32. Nd6+ Kc6 33. Nf7 Nxh3 34. Nxh6 Nf2 35. Kc1 Kd5 36. Kd2 Kc4 37. Ke3 Nd1+ 38. Ke4 Nxc3+ 39. Ke5 Nxa2 40. Kxe6 Nc3
41. Nf5 Nd5 42. Nd6+ Kc5 43. Nf5 Kc4 44. Nd6+ Kc5 45. Ne4+ Kc6 46. c3 Ne3 47. Nxg5 Nxg4 48. Ne4 Ne3 49. Ke5 Nd5 50. c4 Nb6
51. c5 Na4 52. Kd4=
1/2-1/2

[Event "Caro Special"]
[Site "SchemingMind.com"]
[Date "2016.12.21"]
[Round "-"]
[White "Scooter"]
[Black "frankly"]
[Result "0-1"]
[WhiteCountry "USA"]
[BlackCountry "ENG"]
[WhiteElo "1717"]
[WhiteRD "54"]
[BlackElo "2504"]
[BlackRD "58"]
[GameID "408292"]

1. e4 c6 2. d4 d5 3. e5 Bf5 4. Bd3 Bxd3 5. Qxd3 e6 6. Nf3 Qa5+ 7. c3 Qa6 8. Qxa6 Nxa6 9. O-O Nc7 10. Bg5 h6
11. Bh4 g5 12. Bg3 Be7 13. Nbd2 h5 14. h3 Nh6 15. Ne1 Nf5 16. Nd3 b6 17. Rfe1 c5 18. Nf3 g4 19. hxg4 hxg4 20. Nh2 cxd4
21. cxd4 Rg8 22. Rac1 Nb5 23. b3 Nfxd4 24. Re3 Ba3
0-1

[Event "Caro Special"]
[Site "SchemingMind.com"]
[Date "2016.12.21"]
[Round "-"]
[White "frankly"]
[Black "Scooter"]
[Result "1-0"]
[WhiteCountry "ENG"]
[BlackCountry "USA"]
[WhiteElo "2504"]
[WhiteRD "58"]
[BlackElo "1717"]
[BlackRD "54"]
[GameID "408293"]

1. e4 c6 2. d4 d5 3. e5 Bf5 4. Nf3 e6 5. a3 Nd7 6. Nbd2 c5 7. c4 cxd4 8. cxd5 exd5 9. Nxd4 Be6 10. N2f3 Bc5
11. Nxe6 fxe6 12. b4 Bb6 13. g3 Ne7 14. Bh3 Nf5 15. Bxf5 exf5 16. Bg5 Qc7 17. Rc1 Qb8 18. Qxd5
1-0

[Event "Caro Special"]
[Site "SchemingMind.com"]
[Date "2016.12.21"]
[Round "-"]
[White "Scooter"]
[Black "Wojtek26"]
[Result "1-0"]
[WhiteCountry "USA"]
[BlackCountry "POL"]
[WhiteElo "1717"]
[WhiteRD "54"]
[BlackElo "1536"]
[BlackRD "48"]
[GameID "408294"]

1. e4 c6 2. d4 d5 3. e5 Bf5 4. Bd3 Bxd3 5. Qxd3 e6 6. Nf3 Be7 7. O-O c5 8. c3 c4 9. Qc2 Nd7 10. Bf4 f6
11. h3 fxe5 12. Bxe5 Bf6 13. Re1 Qb6 14. Nbd2 Nxe5 15. Nxe5 Nh6 16. Qa4+ Ke7 17. Qd7+ Kf8 18. Ndf3 Rd8 19. Qa4 Qc7 20. Qxa7 Ke7
21. Qa3+ Ke8 22. Qa4+ Kf8 23. Qc2 Ke7 24. Qe2 Qd6 25. b3 b5 26. bxc4 dxc4 27. Qe4 Rc8 28. Qb7+ Rc7 29. Qxb5 Bxe5 30. Nxe5 Nf7
31. Nxc4 Qd7 32. Qxd7+ Rxd7 33. Ne5 Nxe5 34. Rxe5 Rb8 35. a4 Ra8 36. f4 Rda7 37. a5 Kf6 38. g4 Kf7 39. c4 Rd8 40. d5 exd5
41. Rxd5 Rc8 42. Ra4 Rac7 43. c5 Rxc5 44. Rxc5 Rxc5 45. a6 Rc8 46. a7 Ra8 47. Kf2 Ke7 48. Ke3 Kd7 49. h4 Kc7 50. f5 Kb7
51. g5
1-0

[Event "Caro Special"]
[Site "SchemingMind.com"]
[Date "2016.12.21"]
[Round "-"]
[White "Wojtek26"]
[Black "Scooter"]
[Result "0-1"]
[WhiteCountry "POL"]
[BlackCountry "USA"]
[WhiteElo "1536"]
[WhiteRD "48"]
[BlackElo "1717"]
[BlackRD "54"]
[GameID "408295"]

1. e4 c6 2. d4 d5 3. e5 Bf5 4. Bd3 Bxd3 5. Qxd3 e6 6. Nf3 Nd7 7. Nbd2 Qc7 8. O-O O-O-O 9. Ng5 Nb6 10. Qf3 Nh6
11. Qf4 Re8 12. Ndf3 Nf5 13. g4 h6 14. gxf5 hxg5 15. Qxg5 exf5 16. Qxf5+ Qd7 17. Qxd7+ Nxd7 18. Ng5 f6 19. Nf7 Rh4 20. Nd6+ Bxd6
21. exd6 Rxd4 22. Be3 Rg4+ 23. Kh1 Ne5 24. Rg1 Rxg1+ 25. Rxg1 g5 26. f4 Nf3 27. Bxa7 Nxg1 28. Kxg1 gxf4 29. Kf2 Kd7 30. Bc5 b6
31. Bxb6 Kxd6 32. Bd4 f5 33. a4 c5 34. Bf6 d4 35. Kf3 Re3+ 36. Kxf4 Ke6 37. Bg7 Re2 38. Bf8 Rxc2 39. b4 cxb4 40. Bxb4 Rc4
41. Bd2 Rxa4 42. h4 Ra2 43. Be1 Re2 44. Bb4 d3 45. Kf3 Rb2 46. Ba5 Rh2 47. Ke3 Rh3+ 48. Kd2 Kd5 49. h5 Ke4 50. h6 Rxh6
0-1

[Event "Caro Special"]
[Site "SchemingMind.com"]
[Date "2016.12.22"]
[Round "-"]
[White "Scooter"]
[Black "franxxx"]
[Result "1-0"]
[WhiteCountry "USA"]
[BlackCountry "PHI"]
[WhiteElo "1715"]
[WhiteRD "56"]
[BlackElo "1205"]
[BlackRD "114"]
[GameID "408337"]

1. e4 c6 2. d4 d5 3. e5 e6 4. Nf3 Nd7 5. Bg5 f6 6. exf6 gxf6 7. Bh4 Bg7 8. Be2 a6 9. O-O Ne7 10. Nbd2 Nf5
11. c3 Bh6 12. Bd3 Qb6 13. Qb3 Bxd2 14. Qxb6 Nxb6 15. Bxf6 O-O 16. Bxf5 exf5 17. Nxd2 Rxf6 18. Rfe1 Bd7 19. Nf3 Nc4 20. Ne5 Nd2
21. Nxd7 Rg6 22. Kh1 Nf3 23. gxf3 Rd8 24. Re7 h5 25. Rae1 b5 26. Nc5 h4 27. Re8+ Rxe8 28. Rxe8+ Kh7 29. Nxa6 Kh6 30. Nc5 h3
31. Re6 Kh5 32. Rxg6 Kxg6 33. Ne6
1-0

[Event "Caro Special"]
[Site "SchemingMind.com"]
[Date "2016.12.23"]
[Round "-"]
[White "franxxx"]
[Black "Scooter"]
[Result "1-0"]
[WhiteCountry "PHI"]
[BlackCountry "USA"]
[WhiteElo "1253"]
[WhiteRD "134"]
[BlackElo "1717"]
[BlackRD "54"]
[GameID "408338"]

1. e4 c6 2. d4 d5 3. e5 Bf5 4. Nc3 e6 5. g3 h6 6. Bd3 Bxd3 7. Qxd3 Nd7 8. Nf3 Qc7 9. a3 O-O-O 10. O-O f5
11. b4 g5 12. Na4 Nb6 13. Nc5 Qf7 14. a4 Bxc5 15. dxc5 Nc4 16. b5 Qc7 17. Nd2 Nxd2 18. Bxd2 cxb5 19. Qxb5 Ne7 20. Ba5
1-0

[Event "Caro Special"]
[Site "SchemingMind.com"]
[Date "2016.12.22"]
[Round "-"]
[White "ray winteringham"]
[Black "franxxx"]
[Result "1-0"]
[WhiteCountry "ENG"]
[BlackCountry "PHI"]
[WhiteElo "1486"]
[WhiteRD "52"]
[BlackElo "1205"]
[BlackRD "114"]
[GameID "408339"]

1. e4 c6 2. d4 d5 3. e5 e6 4. Bd3 Nd7 5. Nf3 g6 6. Be3 b5 7. O-O Bg7 8. Nbd2 Qe7 9. c3 Nh6 10. h3 f5
11. Bg5 Qf7 12. b4 f4 13. g3 Nf5 14. Bxf4 Bb7 15. a4 a6 16. axb5 cxb5 17. Bxb5 O-O 18. Bxd7 Qxd7 19. Nb3 h5 20. Nc5 Qf7
21. Ng5 Qe7 22. Ngxe6 Nh4 23. Nxf8 Qxf8 24. Nxb7 g5 25. Bxg5 Nf3+ 26. Kg2 Nxg5 27. Qxh5 Qe7 28. Nc5 Ne4 29. Nxe4 dxe4 30. Rfe1 Qb7
31. Kg1 Rf8 32. Qg6 Rf3 33. Rxe4 Rxc3 34. Ree1 Rf3 35. Rxa6 Qf7 36. Qxf7+ Kxf7 37. Re3
1-0

[Event "Caro Special"]
[Site "SchemingMind.com"]
[Date "2016.12.22"]
[Round "-"]
[White "franxxx"]
[Black "ray winteringham"]
[Result "0-1"]
[WhiteCountry "PHI"]
[BlackCountry "ENG"]
[WhiteElo "1205"]
[WhiteRD "114"]
[BlackElo "1486"]
[BlackRD "52"]
[GameID "408340"]

1. e4 c6 2. d4 d5 3. e5 Bf5 4. Na3 e6 5. Bd3 Bxd3 6. Qxd3 Nd7 7. Be3 Qb6 8. Ne2 Qxb2 9. O-O Qxa3 10. Nf4 Qxd3
11. Nxd3 g6 12. f4 Bg7 13. g4 Ne7 14. f5 exf5 15. gxf5 Nxf5 16. Bg5 O-O 17. Nc5 Nxc5 18. dxc5 Bxe5 19. Rae1 Bd4+ 20. Kh1 Bxc5
21. Re2 Rfe8 22. Rg2 f6 23. Bf4 Be3 24. Bd6 Re6 25. Bg3 Bc5 26. h4 Ne3 27. Rf3 Nxg2 28. Kxg2 Re2+ 29. Kh3 f5 30. h5 Rae8
31. Kh4 R8e4+ 32. Kg5 Rg4+
0-1

[Event "Caro Special"]
[Site "SchemingMind.com"]
[Date "2016.12.22"]
[Round "-"]
[White "Stephen Woodhouse"]
[Black "franxxx"]
[Result "1-0"]
[WhiteCountry "ENG"]
[BlackCountry "PHI"]
[WhiteElo "1925"]
[WhiteRD "55"]
[BlackElo "1205"]
[BlackRD "114"]
[GameID "408341"]

1. e4 c6 2. d4 d5 3. e5 e6 4. Bd3 h5 5. f4 g6 6. Nf3 f5 7. O-O a6 8. c4 Nd7 9. Ng5 Nc5 10. dxc5 Bxc5+
11. Kh1 Nh6 12. cxd5 exd5 13. Qe2 Ng4 14. h3 Nh6 15. Be3 Be7 16. Nf3 c5 17. Bf2 g5 18. Nxg5 c4 19. Bc2 Bxg5 20. fxg5 Ng4
21. hxg4 hxg4+ 22. Kg1 Be6 23. Be3 Qe7 24. Nc3 g3 25. Bxf5 d4 26. Bxd4 Qxg5 27. Bxe6 Qh4 28. Bf7+ Kf8 29. Bh5+ Kg7 30. Qg4+ Qxg4
31. Bxg4 Rad8 32. e6+ Rxd4 33. Bh3 Rd2 34. e7 Re8 35. Rae1 Rxb2 36. Bd7 Rh8 37. e8=Q Rh2 38. Re7+ Kh6 39. Qh8+ Kg5 40. Rg7#
1-0

[Event "Caro Special"]
[Site "SchemingMind.com"]
[Date "2016.12.22"]
[Round "-"]
[White "franxxx"]
[Black "Stephen Woodhouse"]
[Result "0-1"]
[WhiteCountry "PHI"]
[BlackCountry "ENG"]
[WhiteElo "1205"]
[WhiteRD "114"]
[BlackElo "1925"]
[BlackRD "55"]
[GameID "408342"]

1. e4 c6 2. d4 d5 3. e5 Bf5 4. Na3 e6 5. c3 c5 6. Nf3 Nc6 7. Be3 cxd4 8. Bd2 dxc3 9. Bb5 cxd2+ 10. Nxd2 Bxa3
11. Qa4 Bxb2 12. Bxc6+ bxc6 13. Qxc6+ Kf8 14. Qc5+ Qe7 15. Qc6 Rb8 16. Rb1 Bxb1 17. O-O Bd3 18. Rd1 Bb5 19. Qc2 Bxe5 20. Nf3 Bd6
21. Qc1 Nf6 22. Nd4 Bc5 23. Qf4 Qd6 24. Qg5 Bxd4 25. Rxd4 Bc4 26. g3 Rb1+ 27. Kg2 e5 28. Rg4 Nxg4 29. Qxg4 g6 30. Kh3 Bf1+
31. Kh4 Qf6+ 32. Qg5 Qxg5+ 33. Kxg5 Kg7 34. h4 Be2 35. g4 f6#
0-1

[Event "Caro Special"]
[Site "SchemingMind.com"]
[Date "2016.12.22"]
[Round "-"]
[White "frankly"]
[Black "franxxx"]
[Result "1-0"]
[WhiteCountry "ENG"]
[BlackCountry "PHI"]
[WhiteElo "2504"]
[WhiteRD "58"]
[BlackElo "1253"]
[BlackRD "134"]
[GameID "408343"]

1. e4 c6 2. d4 d5 3. e5 e6 4. Nf3 Nd7 5. c4 Ne7 6. Nc3 Nb6 7. b3 Nf5 8. c5 Nd7 9. Bd3 Nxc5 10. dxc5 h6
11. Na4 g5 12. Bb2 f6 13. exf6 Qd7 14. Ne5 Qc7 15. Qh5+ Kd8 16. Nf7+ Kd7 17. Nxh8 Bxc5 18. Nxc5+ Kd8 19. Nf7+ Ke8 20. Nd6+ Kf8
21. Qe8#
1-0

[Event "Caro Special"]
[Site "SchemingMind.com"]
[Date "2016.12.22"]
[Round "-"]
[White "franxxx"]
[Black "frankly"]
[Result "0-1"]
[WhiteCountry "PHI"]
[BlackCountry "ENG"]
[WhiteElo "1205"]
[WhiteRD "114"]
[BlackElo "2506"]
[BlackRD "59"]
[GameID "408344"]

1. e4 c6 2. d4 d5 3. e5 Bf5 4. Na3 e6 5. Bd2 Qb6 6. Bc3 Bb4 7. Ne2 Ne7 8. Nf4 Bxc3+ 9. bxc3 Qb2 10. Ne2 Qxa3
11. g3 Be4 12. Rg1 c5 13. f3 Bxf3 14. Qc1 Qa5 15. Qe3 Be4 16. Nf4 cxd4 17. Qxd4 Nbc6 18. Qd2 Qb6 19. Nh3 Qb2 20. Rd1 Nxe5
21. Ng5 h6 22. Nxe4 Nf3+ 23. Kf2 Nxd2 24. Nxd2 Qxc2 25. Bb5+ Kd8 26. Ke1 Nc6 27. Rf1 Qxc3 28. Kf2 Qc5+ 29. Kg2 Qxb5 30. Rxf7 Qe2+
31. Kh3 Qxd1 32. Nf3 Ke8 33. Rf4 g5
0-1

[Event "Caro Special"]
[Site "SchemingMind.com"]
[Date "2016.12.22"]
[Round "-"]
[White "Wojtek26"]
[Black "franxxx"]
[Result "1-0"]
[WhiteCountry "POL"]
[BlackCountry "PHI"]
[WhiteElo "1573"]
[WhiteRD "51"]
[BlackElo "1205"]
[BlackRD "114"]
[GameID "408345"]

1. e4 c6 2. d4 d5 3. e5 e6 4. Nf3 Nd7 5. Bd3 g6 6. Ng5 Qe7 7. O-O f6 8. Nf3 a6 9. c4 g5 10. c5 Nh6
11. exf6 Nxf6 12. Nxg5 Nhg4 13. f3 h6 14. Bg6+ Kd7 15. fxg4 hxg5 16. Bxg5 Qg7 17. Bxf6 Qxg6 18. Bxh8 Bh6 19. Qf3 Kc7 20. Be5+ Kd7
21. Qf7+ Qxf7 22. Rxf7+ Ke8 23. Rh7 Be3+ 24. Kh1 Rb8 25. Bxb8 e5 26. Bxe5 Bxg4 27. Nc3 b5 28. Re1 Bf2 29. Rf1 Bh4 30. Rff7 Bf5
31. Ra7 Bxh7 32. Rxh7
1-0